Statistics for Least Populous Countries

Click here to take the quiz!

General Stats

  • This quiz has been taken 23 times
  • The average score is 19 of 27

Answer Stats

country% Correct
Liechtenstein
100%
Saint Kitts and Nevis
100%
Tuvalu
100%
Vatican City
100%
Andorra
91%
Nauru
91%
Palau
91%
Saint Vincent
and the Grenadines
91%
Monaco
87%
San Marino
87%
Tonga
87%
Grenada
83%
Dominica
78%
Kiribati
78%
Micronesia
78%
Seychelles
78%
Antigua and Barbuda
74%
Samoa
74%
Marshall Islands
70%
São Tomé and Príncipe
70%
Aruba
30%
Cook Islands
30%
Niue
30%
Greenland
26%
Curaçao
22%
Faroe Islands
22%
Sint Maarten
17%

Score Distribution

Percentile by Number Answered

Percent of People with Each Score

Your Score History

You have not taken this quiz